00631 2200217 4500001002100000005001500021035002000036245005500056100001700111250001000128300003800138260003900176082001100215084001700226020001600243600004500259600003100304600003800335504002000373990002000393INLIS00000000000448820230919083628 a0010-09230000951 aEnsklopedia Dasar-Dasar Sepak Bola /cDanny Mielke0 aDanny Mielke aCet.1 a129 hlm, :bilus ;c18 x 25,3 cm. aBandung. :bPT. Pakar Raya,c2007. a796.33 a796.33 DAN e a979534397-1 aPenyunting bahasa,Eko Wahyu Setiawan S.s aPewajah Ulang,Deni Sarjoko aPenata Letak Ulang,Nanie Herawati aTentang Penulis a13604/P/BL/2016